Game of thrones nicknames - Statistics

General Stats
  • This quiz has been taken 46 times
  • The average score is 14 of 15
Answer Stats
hint Answer % Correct
ned eddard stark
100%
bastard Jon Snow
100%
littlefinger petyr baelish
100%
Little bird sansa stark
100%
imp tyrion Lannister
100%
the spider varys
100%
no one arya stark
98%
Breaker of chains Daenerys targaryen
98%
the mountain gregor clegane
98%
The hound sandor clegane
98%
kingslayer jaime lannister
95%
reek theon greyjoy
93%
king in the north robb stark
90%
the red viper oberyn martell
85%
the usurper robert baratheon
85%
No matching quizzes found
Score Distribution
Percent of People with Each Score
Percentile by Number Answered
Your Score History
You have not taken this quiz